| 000 | 01489cam a2200253 4500 | ||
|---|---|---|---|
| 001 | ABS68266 | ||
| 008 | 040924n2004 000 0 eng u | ||
| 035 | _a(Sirsi) u127516 | ||
| 100 | _aWaters, B. | ||
| 245 | _aConsenting parties | ||
| 260 | _c2004 | ||
| 490 |
_aArchitects' Journal _v222(7) 26 August 2004, 26(1) |
||
| 520 | _aExamines the recent release of a two-year study "Unification of consent regimes" by the ODPM, which looked at reducing the duplications involved in making planning permission applications, conservation area and listed building consent. Contains a table of consent regimes considered by the study and a table for the proposed models for change. The study recommends the unification of scheduled monument and listed building consent, followed by the other core planning regimes of planning and conservation area consent. Copies of the study can be downloaded from www.odpm.gov.uk. | ||
| 590 | _aABS | ||
| 590 | _aABS | ||
| 650 | _aPLANNING PERMISSION | ||
| 650 | _aCONSERVATION AREA CONSENT | ||
| 650 | _aLISTED BUILDINGS | ||
| 650 | _aSCHEDULED MONUMENT CONSENT | ||
| 690 | _aPLANNING-PRACTICE | ||
| 856 |
_uhttps://www.odpm.gov.uk/stellent/groups/odpm_control/documents/contentservertemplate/odpm_index.hcst?n=2445&l=2 _zView the report on the ODPM website... |
||
| 856 |
_uhttps://www.odpm.gov.uk/stellent/groups/odpm_control/documents/contentservertemplate/odpm_index.hcst?n=2445&l=2 _zView the report on the ODPM website... |
||
| 942 | _n0 | ||
| 999 |
_c118051 _d118051 |
||